Normal view
MARC view
- Davis D R
Entry Personal Name
001 - CONTROL NUMBER
- control field: 118640
003 - CONTROL NUMBER IDENTIFIER
- control field: OSt
005 - DATE AND TIME OF LATEST TRANSACTION
- control field: 20230125045818.0
008 - FIXED-LENGTH DATA ELEMENTS
- fixed length control field: 230125|| aca||aabn | a|a d
040 ## - CATALOGING SOURCE
- Original cataloging agency: OSt
- Transcribing agency: OSt
100 ## - HEADING--PERSONAL NAME
- Personal name: Davis D R
670 ## - SOURCE DATA FOUND
- Source citation: Work cat.: (OSt)96755: Davis D R, The Dharma of Business - Commercial Law in Medieval India, 2017